Chômage et santé mentale (Registro nro. 48644)
[ vista simple ]
| 000 -CABECERA | |
|---|---|
| Longitud fija campo de control | 00937naa a2200253 c 4500 |
| 001 - NÚMERO DE CONTROL | |
| Número de control | 48644 |
| 003 - IDENTIFICADOR DE NÚMERO DE CONTROL | |
| Identificador del número de control | ES-MaCES |
| 005 - FECHA Y HORA DE LA ÚLTIMA TRANSACCIÓN | |
| Fecha y hora de la última transacción | 20161213140100.0 |
| 008 - CAMPO FIJO DE DESCRIPCIÓN FIJA--INFORMACIÓN GENERAL | |
| Códigos de información de longitud fija | 161213s2016 fr ||||| t||||||| ||fre d |
| 040 ## - FUENTE DE CATALOGACIÓN | |
| Centro catalogador de origen | ES-MaCES |
| Lengua de catalogación | spa |
| Centro transcriptor | ES-MaCES |
| Centro modificado | ES-MaCES |
| 100 1# - ENCABEZAMIENTO PRINCIPAL--NOMBRE PERSONAL | |
| 9 (RLIN) | 37612 |
| Nombre de persona | Blasco, Sylvie |
| 245 10 - MENCIÓN DE TÍTULO | |
| Título | Chômage et santé mentale |
| Mención de responsabilidad, etc. | Sylvie Blasco, Thibault Brodaty |
| 650 #4 - ASIENTO SECUNDARIO DE MATERIA--TÉRMINO DE MATERIA | |
| 9 (RLIN) | 28308 |
| Término de materia o nombre geográfico como elemento inicial | desempleo |
| 650 #4 - ASIENTO SECUNDARIO DE MATERIA--TÉRMINO DE MATERIA | |
| 9 (RLIN) | 30671 |
| Término de materia o nombre geográfico como elemento inicial | estado de salud |
| 650 #4 - ASIENTO SECUNDARIO DE MATERIA--TÉRMINO DE MATERIA | |
| 9 (RLIN) | 27001 |
| Término de materia o nombre geográfico como elemento inicial | salud mental |
| 650 #4 - ASIENTO SECUNDARIO DE MATERIA--TÉRMINO DE MATERIA | |
| 9 (RLIN) | 28684 |
| Término de materia o nombre geográfico como elemento inicial | enfermedad mental |
| 650 #4 - ASIENTO SECUNDARIO DE MATERIA--TÉRMINO DE MATERIA | |
| 9 (RLIN) | 29237 |
| Término de materia o nombre geográfico como elemento inicial | calidad de la vida |
| 650 #4 - ASIENTO SECUNDARIO DE MATERIA--TÉRMINO DE MATERIA | |
| 9 (RLIN) | 27044 |
| Término de materia o nombre geográfico como elemento inicial | problema social |
| 653 10 - TÉRMINO DE INDEXACIÓN--NO CONTROLADO | |
| Término no controlado | Salud |
| 700 1# - ENCABEZAMIENTO SECUNDARIO--NOMBRE PERSONAL | |
| 9 (RLIN) | 37613 |
| Nombre de persona | Brodaty, Thibault |
| 773 0# - ENTRADA DE DOCUMENTO FUENTE | |
| Itemnumber del ítem fuente | 85441 |
| Lugar, editor y fecha de publicación | Paris (Quai Voltaire, 29, 75007) La Documentation française [1971]-2016. |
| Otro identificador del documento | 088339 |
| Título | Problèmes économiques |
| Número de control del registro relacionado | (ES-MaCES)25207 |
| Parte(s) relacionada(s) | nº 3139 (2ème. quinzaine sept. 2016) {10191 R. 088339} ;p. 59-64 |
| 902 ## - CES. TIPO DE DOCUMENTO | |
| Tipodoc (006$c Sirtex) | ART Artículo de revista |
| 942 ## - ELEMENTOS KOHA | |
| Fuente de clasificaión o esquema | Clasificación propia del CES |
| Koha [por defecto] tipo de item | Artículos (1982-2017) |
| Parte de clasificación | Salud |
No hay ítems disponibles.
